000 00900 a2200217 4500
999 _c6800
_d6800
020 _a0415188512
020 _a0415188520 (pbk.)
050 0 0 _aB505MOR2002
100 1 _aMorford, Mark P. O.,
_d1929-
245 1 4 _aThe Roman philosophers :
_bfrom the time of Cato the Censor to the death of Marcus Aurelius /
_cMark Morford.
264 _aLondon:
_bRoutledge,
_c2002
300 _axii, 292 p. :
500 _aincludes index
504 _aIncludes bibliographical references (p. 269-277) and indexes.
650 0 _aPhilosophy, Ancient.
651 0 _aRome
856 4 1 _3Table of contents only
_uhttp://www.loc.gov/catdir/toc/fy0609/2002068070.html
856 4 2 _3Publisher description
_uhttp://www.loc.gov/catdir/enhancements/fy0649/2002068070-d.html
942 _2lcc
_cBK
_h505
_iMOR
_kB